| 000 | 01475nam a2200277Ia 4500 | ||
|---|---|---|---|
| 999 |
_c34474 _d34474 |
||
| 001 | 223 | ||
| 003 | GE_BSU | ||
| 005 | 20200122113057.0 | ||
| 008 | 181216s2009||||ge |||||||||||||| ||geo|| | ||
| 020 | _a9789941150517 | ||
| 040 | _cGE_BSU | ||
| 041 | _ageo | ||
| 080 | _a581.1 ბ-33 | ||
| 245 |
_aბაღის მცენარეები : _bგაშენება და მოვლა / _c[ფილ კლეიტონი ; ფოტოგრაფი მარკ ვინვუდი ; მთარგმნ. ციცო ხოცუაშვილი ; რედ.: თამარ გავაშელიშვილი, მარინე სოხაძე]. |
||
| 264 |
_aთბილისი : _bბაკურ სულაკაური, _c2009. |
||
| 300 |
_a160 გვ.: _bილ.; _c23 სმ. |
||
| 500 | _aთავფურ. და გარეკანზე ავტ. მითით. არ არის. | ||
| 501 | _aმცენარეთა საძ.: გვ. 156-159. | ||
| 541 | _h15 ლ. | ||
| 653 | _aბოტანიკა | ||
| 653 | _aდეკორატიული მებაღეობა | ||
| 700 |
_a ხოცუაშვილი, ციცო _eმთარგმნელი _96306 |
||
| 700 |
_aგავაშელიშვილი, თამარ _eრედაქტორი _96307 |
||
| 700 |
_a სოხაძე, მარინე _eრედაქტორი _96308 |
||
| 942 |
_cBK _2udc |
||